[Event "Ljubljana-chT 75th"]
[Site "Ljubljana"]
[Date "2023.03.09"]
[Round "7.2"]
[White "Logar, Metod"]
[Black "Mlacnik, Janez"]
[Result "1-0"]
[WhiteElo "1970"]
[BlackElo "1832"]
[PlyCount "71"]
[EventDate "2023.01.12"]
[EventType "team-swiss"]
[EventRounds "9"]
[EventCountry "SLO"]
[SourceTitle "EXT 2024"]
[Source "ChessBase"]
[SourceDate "2023.10.10"]
[SourceVersion "1"]
[SourceVersionDate "2023.10.10"]
[SourceQuality "1"]
[WhiteTeam "Kranj Tomo Zupan"]
[BlackTeam "Ljubljana Karel Jeraj"]
[WhiteTeamCountry "SLO"]
[BlackTeamCountry "SLO"]

1. e4 e6 2. d4 d5 3. Nc3 Nf6 4. e5 Nfd7 5. f4 a6 6. Nf3 c5 7. Be3 cxd4 8. Nxd4 Nc6 9. Bd3 Nxd4 10. Bxd4 Bc5 11. Bxc5 Nxc5 12. Qd2 Bd7 13. 0-0 Bc6 14. Ne2 Qb6 15. Qe3 Rd8 16. Nd4 Nxd3 17. cxd3 0-0 18. b3 Rc8 19. Rae1 Bd7 20. Rc1 Qa5 21. a4 Qb6 22. Qf2 Qb4 23. g4 Rc3 24. Rxc3 Qxc3 25. Qe3 Rc8 26. f5 Qc5 27. Kh1 b5 28. axb5 axb5 29. f6 g6 30. Ra1 b4 31. Kg2 Qf8 32. Ra7 Be8 33. Nxe6 fxe6 34. Rg7+ Qxg7 35. fxg7 Kxg7 36. Qb6 1-0

[Event "Ljubljana-chT 75th"]
[Site "Ljubljana"]
[Date "2023.03.02"]
[Round "6.2"]
[White "Juhant, Igor"]
[Black "Logar, Metod"]
[Result "1-0"]
[WhiteElo "1946"]
[BlackElo "1970"]
[PlyCount "81"]
[EventDate "2023.01.12"]
[EventType "team-swiss"]
[EventRounds "9"]
[EventCountry "SLO"]
[SourceTitle "EXT 2024"]
[Source "ChessBase"]
[SourceDate "2023.10.10"]
[SourceVersion "1"]
[SourceVersionDate "2023.10.10"]
[SourceQuality "1"]
[WhiteTeam "Komenda Popotnik"]
[BlackTeam "Kranj Tomo Zupan"]
[WhiteTeamCountry "SLO"]
[BlackTeamCountry "SLO"]

1. e4 e5 2. Nc3 Nc6 3. f4 Bc5 4. Nf3 d6 5. Na4 Bg4 6. Nxc5 dxc5 7. Bb5 Nge7 8. 0-0 0-0 9. Bxc6 Nxc6 10. h3 Bxf3 11. Qxf3 Nd4 12. Qd1 exf4 13. Rxf4 Qd6 14. d3 Rad8 15. Rf2 Ne6 16. Qe2 c4 17. dxc4 Nd4 18. Qd3 Qe6 19. Bf4 Nc6 20. Qc3 Qxe4 21. Bxc7 Rd7 22. Re1 Qd4 23. Qxd4 Nxd4 24. Ba5 b6 25. Bc3 Ne6 26. b3 Rfd8 27. Kf1 a6 28. Re5 Rd6 29. Rff5 Rd1+ 30. Be1 g6 31. Rf2 R8d7 32. Ke2 Ra1 33. Rd5 Rc7 34. a4 Nf4+ 35. Rxf4 Re7+ 36. Kd2 Raxe1 37. Rf6 R1e2+ 38. Kc3 Rxg2 39. Rxb6 f5 40. c5 Ree2 41. Rb7 1-0

[Event "SLO-chT2 West"]
[Site "Komenda"]
[Date "2022.11.26"]
[Round "6.4"]
[White "Logar, Metod"]
[Black "Ojstersek, Peter"]
[Result "1-0"]
[WhiteElo "1956"]
[BlackElo "1605"]
[PlyCount "57"]
[EventDate "2022.11.19"]
[EventType "team-tourn"]
[EventRounds "7"]
[EventCountry "SLO"]
[SourceTitle "EXT 2024"]
[Source "ChessBase"]
[SourceDate "2023.10.10"]
[SourceVersion "1"]
[SourceVersionDate "2023.10.10"]
[SourceQuality "1"]
[WhiteTeam "Kranj Tomo Zupan II"]
[BlackTeam "Komenda SK II"]
[WhiteTeamCountry "SLO"]
[BlackTeamCountry "SLO"]

1. e4 c6 2. d4 d5 3. e5 Bf5 4. Nf3 e6 5. Be2 c5 6. c3 Nc6 7. 0-0 Nge7 8. Be3 cxd4 9. cxd4 Bxb1 10. Rxb1 Nf5 11. Bd3 Nfe7 12. a3 a6 13. b4 b5 14. Nd2 Nc8 15. Rc1 Qd7 16. Qc2 N8a7 17. Nb3 h6 18. f4 Rc8 19. Qe2 g6 20. Nc5 Bxc5 21. Rxc5 Ne7 22. Rfc1 Rxc5 23. Rxc5 Nac8 24. Qc2 Nb6 25. Rc7 Qd8 26. Qc5 Na4 27. Qa7 Nc8 28. Qb7 0-0 29. f5 1-0

[Event "SLO-chT2 West"]
[Site "Komenda"]
[Date "2022.11.20"]
[Round "3.3"]
[White "Redek, Leon"]
[Black "Logar, Metod"]
[Result "0-1"]
[WhiteElo "1523"]
[BlackElo "1956"]
[PlyCount "48"]
[EventDate "2022.11.19"]
[EventType "team-tourn"]
[EventRounds "7"]
[EventCountry "SLO"]
[SourceTitle "EXT 2024"]
[Source "ChessBase"]
[SourceDate "2023.10.10"]
[SourceVersion "1"]
[SourceVersionDate "2023.10.10"]
[SourceQuality "1"]
[WhiteTeam "Vrhnika II"]
[BlackTeam "Kranj Tomo Zupan II"]
[WhiteTeamCountry "SLO"]
[BlackTeamCountry "SLO"]

1. d4 Nf6 2. c4 e6 3. Nc3 Bb4 4. Qc2 0-0 5. e4 d5 6. e5 Ne4 7. Bd3 f5 8. exf6 Nxf6 9. Nf3 Nc6 10. cxd5 exd5 11. 0-0 Bg4 12. Be3 Bxf3 13. gxf3 Bd6 14. Qd2 Nh5 15. Bg5 Bf4 16. Bxd8 Bxd2 17. Bxc7 Nxd4 18. Nxd5 Nxf3+ 19. Kg2 Nh4+ 20. Kh3 Rf3+ 21. Kxh4 Rxd3 22. Ne7+ Kf7 23. Nf5 Nf6 24. Rad1 g5# 0-1

[Event "SLO-chT2 West"]
[Site "Komenda"]
[Date "2022.11.19"]
[Round "1.4"]
[White "Logar, Metod"]
[Black "Kocevar, Tugomir"]
[Result "1-0"]
[WhiteElo "1956"]
[BlackElo "1816"]
[PlyCount "71"]
[EventDate "2022.11.19"]
[EventType "team-tourn"]
[EventRounds "7"]
[EventCountry "SLO"]
[SourceTitle "EXT 2024"]
[Source "ChessBase"]
[SourceDate "2023.10.10"]
[SourceVersion "1"]
[SourceVersionDate "2023.10.10"]
[SourceQuality "1"]
[WhiteTeam "Kranj Tomo Zupan II"]
[BlackTeam "Radovljica"]
[WhiteTeamCountry "SLO"]
[BlackTeamCountry "SLO"]

1. e4 d5 2. exd5 Nf6 3. d4 Qxd5 4. Nc3 Qa5 5. Bc4 Bg4 6. f3 Bh5 7. Nge2 e6 8. Bf4 Bb4 9. a3 Bxc3+ 10. Nxc3 c6 11. 0-0 0-0 12. Qd2 b5 13. b4 Qb6 14. Bb3 Rd8 15. Ne2 a5 16. c3 a4 17. Ba2 Nbd7 18. Be3 Nd5 19. Bf2 Qb7 20. Ng3 Bg6 21. Ne4 Bxe4 22. fxe4 Ne7 23. Bh4 Nf8 24. Qf2 Neg6 25. Bxd8 Rxd8 26. c4 h5 27. Rad1 h4 28. Qf3 bxc4 29. Bxc4 Qa7 30. Kh1 Rxd4 31. Rxd4 Qxd4 32. Qxf7+ Kh7 33. Bxe6 h3 34. Bxh3 Qxe4 35. Bf5 Qe3 36. Qxf8 1-0

[Event "SLO-chT Central 23rd"]
[Site "Slovenia"]
[Date "2022.11.10"]
[Round "8.3"]
[White "Macek, Inti"]
[Black "Logar, Metod"]
[Result "0-1"]
[WhiteElo "1242"]
[BlackElo "1946"]
[PlyCount "78"]
[EventDate "2022.09.15"]
[EventType "team-swiss"]
[EventRounds "9"]
[EventCountry "SLO"]
[SourceTitle "EXT 2024"]
[Source "ChessBase"]
[SourceDate "2023.10.10"]
[SourceVersion "1"]
[SourceVersionDate "2023.10.10"]
[SourceQuality "1"]
[WhiteTeam "Komenda Pogi"]
[BlackTeam "Kranj Tomo Zupan"]
[WhiteTeamCountry "SLO"]
[BlackTeamCountry "SLO"]

1. d4 Nf6 2. Nf3 e6 3. c4 d5 4. Nc3 Be7 5. Bf4 0-0 6. e3 c6 7. Be2 Nbd7 8. c5 b6 9. b4 a5 10. a3 Nh5 11. Bg3 Nxg3 12. hxg3 e5 13. Qb1 h6 14. Nd2 exd4 15. exd4 Bf6 16. Nf3 bxc5 17. bxc5 Nxc5 18. Qc2 Ne6 19. Qd2 c5 20. dxc5 d4 21. Ne4 d3 22. Nxf6+ Qxf6 23. 0-0 dxe2 24. Qxe2 Ba6 25. Qe3 Bxf1 26. Rxf1 Rac8 27. Rc1 Rfe8 28. Qd2 Nxc5 29. Rb1 a4 30. Qa5 Ne4 31. Rf1 Nc3 32. Qb4 Re4 33. Qb7 Qc6 34. Qb2 Qb5 35. Qa1 Ne2+ 36. Kh1 Qh5+ 37. Nh2 Rc5 38. Qb2 Qxh2+ 39. Kxh2 Rh5# 0-1

[Event "SLO-chT Central 23rd"]
[Site "Slovenia"]
[Date "2022.09.29"]
[Round "2.2"]
[White "Zidar, Jernej"]
[Black "Logar, Metod"]
[Result "1/2-1/2"]
[WhiteElo "1665"]
[BlackElo "1946"]
[PlyCount "67"]
[EventDate "2022.09.15"]
[EventType "team-swiss"]
[EventRounds "9"]
[EventCountry "SLO"]
[SourceTitle "EXT 2024"]
[Source "ChessBase"]
[SourceDate "2023.10.10"]
[SourceVersion "1"]
[SourceVersionDate "2023.10.10"]
[SourceQuality "1"]
[WhiteTeam "Komenda Popotnik"]
[BlackTeam "Kranj Tomo Zupan"]
[WhiteTeamCountry "SLO"]
[BlackTeamCountry "SLO"]

1. d4 Nf6 2. Nf3 e6 3. e3 d5 4. Bd3 c5 5. b3 cxd4 6. exd4 Nc6 7. a3 Bd6 8. Bb2 0-0 9. 0-0 a6 10. Nbd2 Qc7 11. Re1 Ng4 12. h3 Nh6 13. c4 Rd8 14. Qc2 g6 15. Rac1 Bd7 16. Ne5 Rac8 17. Ndf3 Be8 18. Qd2 Bf8 19. cxd5 exd5 20. Nxc6 Bxc6 21. Ne5 Qb6 22. Nxc6 Rxc6 23. Rxc6 Qxc6 24. Qe3 Kg7 25. Qe5+ Qf6 26. g4 Bd6 27. Qxf6+ Kxf6 28. g5+ Kxg5 29. Bc1+ Bf4 30. h4+ Kg4 31. Be2+ Kf5 32. Bd3+ Kg4 33. Be2+ Kf5 34. Bd3+ 1/2-1/2

[Event "SLO-chT2 West"]
[Site "Komenda"]
[Date "2019.12.01"]
[Round "8.1"]
[White "Luzar, Emil"]
[Black "Logar, Metod"]
[Result "1-0"]
[WhiteElo "2115"]
[BlackElo "1982"]
[PlyCount "25"]
[EventDate "2019.11.15"]
[EventType "team-tourn"]
[EventRounds "9"]
[EventCountry "SLO"]
[SourceTitle "EXT 2024"]
[Source "ChessBase"]
[SourceDate "2023.10.10"]
[SourceVersion "1"]
[SourceVersionDate "2023.10.10"]
[SourceQuality "1"]
[WhiteTeam "Dolenjske Toplice"]
[BlackTeam "Prevodi Dvojka"]
[WhiteTeamCountry "SLO"]
[BlackTeamCountry "SLO"]

1. e4 e5 2. Nf3 Nc6 3. Bb5 a6 4. Ba4 Nf6 5. Qe2 b5 6. Bb3 d6 7. a4 Rb8 8. axb5 axb5 9. Nc3 b4 10. Qc4 Qd7 11. Ba4 Bb7 12. Nd5 Ba8 13. Nxb4 1-0

[Event "SLO-chT3 West"]
[Site "Komenda"]
[Date "2018.12.09"]
[Round "4.3"]
[White "Logar, Metod"]
[Black "Kobe, Matic"]
[Result "1-0"]
[WhiteElo "1955"]
[BlackElo "1395"]
[PlyCount "49"]
[EventDate "2018.12.07"]
[EventType "team-tourn"]
[EventRounds "5"]
[EventCountry "SLO"]
[SourceTitle "EXT 2020"]
[Source "ChessBase"]
[SourceDate "2019.10.17"]
[SourceVersion "1"]
[SourceVersionDate "2019.10.17"]
[SourceQuality "1"]
[WhiteTeam "Prevodi Dvojka II"]
[BlackTeam "Novo Mesto Krka II"]
[WhiteTeamCountry "SLO"]
[BlackTeamCountry "SLO"]

1. e4 e6 2. d4 d5 3. Nc3 Bb4 4. e5 c5 5. a3 Bxc3+ 6. bxc3 Nc6 7. Qg4 g6 8. Bd3 Qa5 9. Bd2 Nge7 10. Nf3 Nf5 11. Bxf5 exf5 12. Qh4 Qd8 13. Bg5 Qa5 14. 0-0 h5 15. Bf6 Rg8 16. c4 Be6 17. dxc5 Qxc5 18. cxd5 Bxd5 19. Rad1 Bxf3 20. gxf3 Qxc2 21. Rd6 Qe2 22. Rxc6 bxc6 23. Qb4 Kd7 24. Qb7+ Ke6 25. Qxc6# 1-0

[Event "St Veit op-B 37th"]
[Site "St Veit"]
[Date "2018.07.11"]
[Round "6"]
[White "Friedl, Gerhard"]
[Black "Logar, Metod"]
[Result "0-1"]
[WhiteElo "1923"]
[BlackElo "1966"]
[PlyCount "38"]
[EventDate "2018.07.07"]
[EventType "swiss"]
[EventRounds "9"]
[EventCountry "AUT"]
[SourceTitle "EXT 2020"]
[Source "ChessBase"]
[SourceDate "2019.10.17"]
[SourceVersion "1"]
[SourceVersionDate "2019.10.17"]
[SourceQuality "1"]

1. e4 e5 2. Nc3 Nc6 3. f4 Bc5 4. Nf3 d6 5. Na4 Bg4 6. Nxc5 dxc5 7. f5 Bxf3 8. Qxf3 Nd4 9. Qd3 c4 10. Qxc4 Qh4+ 11. Kd1 Qxe4 12. Qd3 Qg4+ 13. Ke1 0-0-0 14. c3 e4 15. Qb1 Nxf5 16. d4 exd3 17. Bxd3 Ngh6 18. Bxh6 Nxh6 19. Kf1 Qf4+ 0-1

[Event "Portoroz op 10th"]
[Site "Portoroz"]
[Date "2016.07.26"]
[Round "5"]
[White "Logar, Metod"]
[Black "Kassebaum, Roman"]
[Result "0-1"]
[WhiteElo "2001"]
[BlackElo "2311"]
[PlyCount "44"]
[EventDate "2016.07.23"]
[EventType "swiss"]
[EventRounds "9"]
[EventCountry "SLO"]
[SourceTitle "CBM 173 Extra"]
[Source "ChessBase"]
[SourceDate "2016.08.29"]
[SourceVersion "1"]
[SourceVersionDate "2016.08.29"]
[SourceQuality "1"]

1. e4 c5 2. Nf3 g6 3. d4 cxd4 4. Nxd4 Bg7 5. Be3 Nf6 6. Nc3 0-0 7. Be2 Nc6 8. 0-0 d5 9. exd5 Nxd5 10. Nxc6 bxc6 11. Nxd5 cxd5 12. c3 e5 13. Qd2 Be6 14. Bc5 Re8 15. f4 Qc7 16. b4 a5 17. Bb5 Red8 18. Rad1 d4 19. cxd4 exd4 20. a4 axb4 21. Qxb4 Rac8 22. Rxd4 Qxc5 0-1

[Event "SLO-chT1 West"]
[Site "Ljubljana"]
[Date "2015.11.08"]
[Round "6"]
[White "Logar, Metod"]
[Black "Stevanic, David"]
[Result "1/2-1/2"]
[WhiteElo "2006"]
[BlackElo "2011"]
[PlyCount "129"]
[EventDate "2015.10.16"]
[EventType "team-tourn"]
[EventRounds "9"]
[EventCountry "SLO"]
[SourceTitle "EXT 2019"]
[Source "ChessBase"]
[SourceDate "2018.10.10"]
[SourceVersion "1"]
[SourceVersionDate "2018.10.10"]
[SourceQuality "1"]
[WhiteTeam "Prevodi Dvojka"]
[BlackTeam "Kocevje"]
[WhiteTeamCountry "SLO"]
[BlackTeamCountry "SLO"]

1. e4 e5 2. Nf3 Nc6 3. Nc3 Nf6 4. d4 Bb4 5. d5 Ne7 6. Bd3 d6 7. 0-0 Bg4 8. h3 Bh5 9. Nb1 h6 10. a4 a5 11. Be3 Nd7 12. Nbd2 Bc5 13. Re1 0-0 14. g4 Bg6 15. Nf1 c6 16. c4 Bb4 17. Re2 h5 18. Ng3 hxg4 19. hxg4 f6 20. Kg2 Kf7 21. Rc2 Qc7 22. Qe2 Rh8 23. Rh1 Rxh1 24. Kxh1 Rh8+ 25. Kg2 c5 26. Rc1 Nb6 27. b3 Ke8 28. Rh1 Rxh1 29. Kxh1 Kd7 30. Qf1 Qc8 31. Qh3 Kc7 32. Kg2 Nd7 33. Nh4 Bh7 34. Nhf5 Bxf5 35. exf5 Qg8 36. Qh5 Nxd5 37. cxd5 Qxd5+ 38. Be4 Qxb3 39. g5 d5 40. Qf7 Qxa4 41. Bxd5 Qb5 42. Ne4 Qe2 43. gxf6 Qg4+ 44. Ng3 gxf6 45. Be6 Qd1 46. Bxd7 Qxd7 47. Qxf6 Qc6+ 48. Qxc6+ Kxc6 49. Kf3 a4 50. Ne2 Kd5 51. Nc1 c4 52. Na2 Ba5 53. Kg4 b5 54. Kg5 b4 55. f6 Ke6 56. Kg6 b3 57. f7 b2 58. f8Q b1Q+ 59. Kg5 Qg1+ 60. Kh4 Qh1+ 61. Kg3 Qg1+ 62. Kh3 Qh1+ 63. Kg3 Qg1+ 64. Kh3 Qh1+ 65. Kg3 1/2-1/2

[Event "SLO-chT1 West"]
[Site "Ljubljana"]
[Date "2015.10.18"]
[Round "3"]
[White "Skok, Joze"]
[Black "Logar, Metod"]
[Result "0-1"]
[WhiteElo "1999"]
[BlackElo "2006"]
[PlyCount "120"]
[EventDate "2015.10.16"]
[EventType "team-tourn"]
[EventRounds "9"]
[EventCountry "SLO"]
[SourceTitle "EXT 2019"]
[Source "ChessBase"]
[SourceDate "2018.10.10"]
[SourceVersion "1"]
[SourceVersionDate "2018.10.10"]
[SourceQuality "1"]
[WhiteTeam "Domzale"]
[BlackTeam "Prevodi Dvojka"]
[WhiteTeamCountry "SLO"]
[BlackTeamCountry "SLO"]

1. e4 e5 2. Nf3 Nc6 3. Bb5 Nge7 4. c3 a6 5. Ba4 d6 6. h3 g6 7. d4 b5 8. Bb3 Bg7 9. 0-0 0-0 10. Bg5 h6 11. Bh4 Qe8 12. Bd5 Rb8 13. Re1 Bd7 14. Bg3 Nc8 15. Na3 Nb6 16. Nc2 Kh7 17. Qd2 Na5 18. Nb4 Nac4 19. Bxc4 Nxc4 20. Qc1 a5 21. Nd5 c6 22. Ne3 Nb6 23. Qd2 Qe7 24. Rad1 Rfd8 25. dxe5 dxe5 26. Qd6 Qxd6 27. Rxd6 f6 28. Red1 Kg8 29. b3 Kf7 30. c4 Bf8 31. R6d3 Ke8 32. Nh4 bxc4 33. bxc4 g5 34. Nf3 Be6 35. Rxd8+ Rxd8 36. Rc1 Bc5 37. Ng4 Bxg4 38. hxg4 Rd3 39. Kf1 Ke7 40. Ke2 Ra3 41. Rc2 Na4 42. Kd2 Bb4+ 43. Kc1 Nc5 44. Ng1 Nxe4 45. Ne2 Rd3 46. a4 Ra3 47. Kb2 Nc5 48. f3 Nxa4+ 49. Kb1 Nc3+ 50. Nxc3 Rxc3 51. Rxc3 Bxc3 52. Kc2 Bb4 53. Bf2 Ke6 54. Be3 f5 55. gxf5+ Kxf5 56. g4+ Kf6 57. Bc1 a4 58. Bb2 Ke6 59. Kd3 a3 60. Ba1 Bc5 0-1

[Event "Kozje op 2nd"]
[Site "Kozje"]
[Date "2015.09.12"]
[Round "3"]
[White "Mudrinic, Nenad"]
[Black "Logar, Metod"]
[Result "1/2-1/2"]
[WhiteElo "1760"]
[BlackElo "2012"]
[PlyCount "41"]
[EventDate "2015.09.11"]
[EventType "swiss"]
[EventRounds "5"]
[EventCountry "SLO"]
[SourceTitle "EXT 2016"]
[Source "ChessBase"]
[SourceDate "2015.10.08"]
[SourceVersion "1"]
[SourceVersionDate "2015.10.08"]
[SourceQuality "1"]

1. d4 Nf6 2. c4 e6 3. Nc3 Bb4 4. a3 Bxc3+ 5. bxc3 Nc6 6. e3 b6 7. Bd3 Ba6 8. Nf3 Na5 9. Nd2 d5 10. Qe2 0-0 11. cxd5 Bxd3 12. Qxd3 exd5 13. 0-0 c5 14. f3 Rc8 15. Bb2 Qc7 16. Rac1 Rfe8 17. e4 c4 18. Qe2 Nh5 19. g3 g6 20. e5 f5 21. f4 1/2-1/2

[Event "Kozje op 1st"]
[Site "Kozje"]
[Date "2014.08.28"]
[Round "2"]
[White "Logar, Metod"]
[Black "Jaksa, Cvetko"]
[Result "0-1"]
[WhiteElo "2056"]
[BlackElo "1966"]
[PlyCount "74"]
[EventDate "2014.08.28"]
[EventType "swiss"]
[EventRounds "9"]
[EventCountry "SLO"]
[SourceTitle "EXT 2019"]
[Source "ChessBase"]
[SourceDate "2018.10.10"]
[SourceVersion "1"]
[SourceVersionDate "2018.10.10"]
[SourceQuality "1"]

1. e4 c5 2. Nf3 e6 3. d4 cxd4 4. Nxd4 a6 5. Nc3 b5 6. Bd3 Qb6 7. Nb3 Qc7 8. 0-0 Bb7 9. Qe2 d6 10. f4 Nd7 11. Be3 Ngf6 12. a3 Be7 13. Kh1 0-0 14. Rae1 Nc5 15. Bg1 g6 16. Nd4 Nxd3 17. cxd3 e5 18. Nc2 Rae8 19. Be3 Nh5 20. Nb4 Bd8 21. Nbd5 Qd7 22. fxe5 Rxe5 23. Bd4 Re6 24. g4 Ng7 25. Bf6 Ne8 26. g5 Nxf6 27. gxf6 Re5 28. Rf4 Rh5 29. Rg1 Kh8 30. Rg3 Re8 31. Qf3 Bc8 32. Kg2 Ree5 33. h4 Bb7 34. d4 Re8 35. Rg5 Rh6 36. Rfg4 Qc8 37. Qf4 Qe6 0-1

[Event "Feffernitz Raika op 23rd"]
[Site "Feffernitz"]
[Date "2014.08.18"]
[Round "4"]
[White "Logar, Metod"]
[Black "Rabinovich, Anton Solomonovich"]
[Result "1/2-1/2"]
[WhiteElo "2056"]
[BlackElo "2111"]
[PlyCount "115"]
[EventDate "2014.08.16"]
[EventType "swiss"]
[EventRounds "9"]
[EventCountry "AUT"]
[SourceTitle "CBM 161 Extra"]
[Source "ChessBase"]
[SourceDate "2014.08.29"]
[SourceVersion "1"]
[SourceVersionDate "2014.08.29"]
[SourceQuality "1"]

1. e4 e5 2. Nf3 Nc6 3. Bb5 a6 4. Ba4 Nf6 5. d3 d6 6. c3 g6 7. Nbd2 Bg7 8. Nf1 0-0 9. Ng3 b5 10. Bc2 d5 11. a4 b4 12. a5 h6 13. Be3 bxc3 14. bxc3 Qe7 15. 0-0 Rd8 16. Qc1 Ng4 17. Bd2 dxe4 18. dxe4 Kh7 19. h3 Nf6 20. Be3 Be6 21. Rd1 Ne8 22. Rxd8 Qxd8 23. Qa3 Nd6 24. Qc5 Qe8 25. Ba4 Bd7 26. Rb1 Nb5 27. Bd2 Bf8 28. Qe3 Nxa5 29. Qe2 Qe6 30. c4 Nxc4 31. Bb3 Nbd6 32. h4 Bb5 33. h5 Qe8 34. hxg6+ fxg6 35. Qd1 Rd8 36. Qc1 Nxd2 37. Nxd2 c6 38. Qc3 Bg7 39. Ndf1 Bxf1 40. Rxf1 Nb5 41. Qa5 Nd4 42. Bc4 h5 43. Qxa6 Qd7 44. Rb1 Qg4 45. Rb7 h4 46. Qa7 Ne6 47. Be2 Qg5 48. Nf1 h3 49. g3 Qf6 50. Rf7 Qg5 51. Qe7 Qxe7 52. Rxe7 Ng5 53. Rc7 Rd6 54. Bg4 Nxe4 55. Bxh3 Rf6 56. Bg2 Nxf2 57. Bxc6 Rxc6 58. Rxc6 1/2-1/2

[Event "SLO-CupT"]
[Site "Ljubljana"]
[Date "2013.09.21"]
[Round "2.3"]
[White "Coklin, Marko"]
[Black "Logar, Metod"]
[Result "0-1"]
[WhiteElo "2211"]
[BlackElo "2049"]
[PlyCount "154"]
[EventDate "2013.09.20"]
[EventType "team-swiss"]
[EventRounds "5"]
[EventCountry "SLO"]
[SourceTitle "EXT 2019"]
[Source "ChessBase"]
[SourceDate "2018.10.10"]
[SourceVersion "1"]
[SourceVersionDate "2018.10.10"]
[SourceQuality "1"]
[WhiteTeam "Pomgrad Radenska"]
[BlackTeam "Tomo Zupan Vzajemna"]
[WhiteTeamCountry "SLO"]
[BlackTeamCountry "SLO"]

1. d4 Nf6 2. c4 e6 3. Nc3 Bb4 4. Qc2 d5 5. Bg5 h6 6. Bh4 g5 7. Bg3 Ne4 8. e3 c5 9. Be5 f6 10. Bxb8 Rxb8 11. f3 Nxc3 12. bxc3 Ba5 13. cxd5 cxd4 14. Bb5+ Kf7 15. exd4 Qxd5 16. Qd3 Bxc3+ 17. Qxc3 Qxb5 18. Ne2 Bd7 19. Kf2 Rhc8 20. Qd2 Rc4 21. h4 Qf5 22. hxg5 hxg5 23. g4 Qg6 24. Rac1 Rbc8 25. Rxc4 Rxc4 26. Qa5 Rc8 27. Qxa7 Bc6 28. Rc1 Kg8 29. Qa3 Qh7 30. Qd6 Re8 31. Ke3 Qh3 32. Qg3 Qxg3 33. Nxg3 Ra8 34. Ne4 Kf7 35. Nc3 Ra3 36. Ke2 Ke7 37. Rc2 Kd6 38. Kf2 b5 39. d5 exd5 40. Nb1 Rd3 41. Ke2 Rd4 42. Nd2 Ra4 43. Nb3 d4 44. Kd3 Bxf3 45. Nxd4 Bxg4 46. Nxb5+ Ke5 47. Rc5+ Kf4 48. Nc3 Ra3 49. Kd2 Be6 50. Rc6 Kf5 51. Rc5+ Kg6 52. Rc6 Bxa2 53. Ne4 Rf3 54. Rd6 Bb1 55. Nc3 Bf5 56. Rc6 g4 57. Ke2 Bd3+ 58. Kd2 g3 59. Rc8 Kg5 60. Rg8+ Kh4 61. Nd5 Be4 62. Rh8+ Kg5 63. Rg8+ Kf5 64. Ne3+ Ke5 65. Re8+ Kd4 66. Rd8+ Kc5 67. Rc8+ Kd6 68. Rg8 f5 69. Ke2 Rf2+ 70. Ke1 f4 71. Nc4+ Kd5 72. Nd2 Kd4 73. Rd8+ Ke3 74. Nf1+ Rxf1+ 75. Kxf1 f3 76. Rf8 f2 77. Rxf2 Bd3+ 0-1